Countries That Don't Have the Letter A in the Name - Statistics

General Stats
  • This quiz has been taken 72 times
    34 since last reset
  • The average score is 20 of 30
Answer Stats
-A Country % Correct
Sweden
91%
Chile
87%
Philippines
83%
Belgium
78%
Belize
78%
Greece
78%
Mexico
78%
Cyprus
74%
Liechtenstein
74%
Fiji
70%
Kosovo
70%
Morocco
70%
Seychelles
70%
Togo
70%
Turkey
70%
United Kingdom
70%
Yemen
70%
Comoros
65%
Egypt
65%
Niger
65%
Peru
65%
Benin
61%
Djibouti
61%
Luxembourg
61%
Lesotho
57%
Montenegro
57%
Burundi
52%
Brunei
48%
Republic of the Congo
39%
Czech Republic
35%
No matching quizzes found
Score Distribution
Percent of People with Each Score
Percentile by Number Answered
Your Score History
You have not taken this quiz since the last reset